Statistics for 🍒 Top 20 Cherry producing countries

Click here to take the quiz!

General Stats

  • This quiz has been taken 199 times
  • The average score is 14 of 20

Answer Stats

AnswerTonnes% Correct
United States321,420
97%
China42,367
94%
Italy98,600
94%
France32,120
93%
Spain118,380
91%
Germany44,550
89%
Canada22,079
86%
Russia48,700
86%
Ukraine68,640
80%
Greece81,600
79%
Turkey664,224
78%
Poland44,430
76%
Iran128,354
68%
Romania39,140
65%
Bulgaria54,960
53%
Chile233,929
51%
Syria66,039
35%
Morocco20,349
34%
Uzbekistan175,861
30%
Lebanon29,453
19%

Score Distribution

Percentile by Number Answered

Percent of People with Each Score

Your Score History

You have not taken this quiz